000 00630nam a2200181 4500
001 139448
003 ES-MaACL
005 20230906195816.0
007 t|
008 070214s1973 sp r ||||1| spa d
100 1 _aSastre Prieto, Celso.
_9103931
245 1 0 _aLiturgia de las horas
_b: del nuevo oficio divino reformado segĂșn los decretos del Concilio Vaticano II /
_cCelso Sastre Prieto.
260 _aSegovia :
_bCaja de Ahorros y Monte de Piedad,
_c1973.
300 _a60 p. ;
_c32 cm.
500 _aEjemplar multicopista.
710 2 _aCaja de Ahorros y Monte de Piedad.
_92317
852 _aES-MaACL
_jC-53254
_bR.86129
999 _c139448
_d139448